Gaming Quiz

Random Gaming or Grab Bag Quiz

Diablo II: LOD Grab Bag Quiz Stats

 Plays Quiz not verified by Sporcle

Challenge
Share
Tweet
Embed
Score 0/58 Timer 05:00
0 Plays Today
% Correct
Swords
94.8%
Barbarian
93.7%
Druid
92.6%
Necromancer
92.3%
Paladin
92.3%
Amazon
91.4%
Diablo
91.1%
Assassin
90.9%
Sorceress
90.3%
Baal
90.1%
Mephisto
89.5%
Axes
84.3%
Andariel
83.8%
Duriel
82.3%
Bows
80.1%
Maces
80%
Ring
79.8%
Helm
79%
Boots
78.4%
Amulet
77.3%
Staves
77.2%
Shield
76.3%
Gloves
73.8%
Armor
73.7%
Wands
70.7%
Belt
69.8%
Crossbows
68.3%
Zod
63.6%
Spears
63.3%
% Correct
Baal's Eye
61%
Rogue Encampment
60.1%
Polearms
57%
Daggers
55.8%
Lut Gholein
55.8%
Mephisto's Brain
55.2%
Kurast
54.2%
Javelins
52.1%
Ber
50.1%
Ist
49.9%
Katars
47.8%
Throwing Weapons
47.1%
Key of Hate
45.3%
Jah
45.1%
Key of Terror
44.7%
Lo
44.4%
Key of Destruction
43.8%
Pandemonium Fortress
43.6%
Cham
43.6%
Orbs
42.2%
Diablo's Horn
41%
Vex
40.4%
Mal (sometimes)
39.4%
Um (sometimes)
38.7%
Harrogath
37.9%
Scepters
34.2%
Gul (sometimes)
33.4%
Ohm
32.5%
Sur
29.7%

You're not logged in!

Compare scores with friends on all Sporcle quizzes.
Join for Free
OR
Log In

You Might Also Like...

Show Comments

Extras

Top Quizzes Today


Score Distribution

Your Account Isn't Verified!

In order to create a playlist on Sporcle, you need to verify the email address you used during registration. Go to your Sporcle Settings to finish the process.

Report this User

Report this user for behavior that violates our Community Guidelines.

Details: